Could You Bring That On A Plane? - Statistics

General Stats
  • This quiz has been taken 1,255 times
  • The average score is 11 of 20
Answer Stats
Question Answer % Correct
Axes No
87%
Cooking Spray No
84%
Bleach No
84%
Fertilizer No
81%
Harry Potter Wand Yes
73%
Baby Formula Yes
68%
Cymbals Yes
66%
Bowling Balls Yes
56%
Artificial Bones Yes
53%
Holiday Lights Yes
52%
Canoe Paddles No
48%
Fishing Rods Yes
46%
Staplers Yes
46%
Lacrosse Sticks No
44%
Body Armor Yes
42%
Antlers Yes
37%
Foam Toy Sword No
34%
Bowling Pins No
32%
Live Fish Yes
29%
Magic 8 Ball No
28%
No matching quizzes found
Score Distribution
Percent of People with Each Score
Percentile by Number Answered
Your Score History
You have not taken this quiz